| 000 | 01432nam a22001337a 4500 | ||
|---|---|---|---|
| 999 |
_c532970 _d532970 |
||
| 008 | 260407b ||||| |||| 00| 0 eng d | ||
| 100 |
_aGarcias, Frédéric Dalmasso, Cédric and Depeyre, Colette _959996 |
||
| 245 | _a “Can’t remember what i forgot:” investigating organizational forgetting within a project-based organization | ||
| 260 | _aProject Management Journal | ||
| 300 | _a56(6), Dec, 2025: p.743-759 | ||
| 520 | _aThis article is based on the study of an engineering organization that is experiencing major difficulties on its first new project in 10 years. It contributes to the literature on organizational forgetting in project-based organizations, examining how this phenomenon can be perceived and assessed. The analysis of the data provides a better understanding of the conditions under which a situation of accidental forgetting can be (mis)identified. The case reveals that, due to five sources of ambiguity linked to the identification process—latency, novelty, multiplicity, complexity, and credibility—the forgetting phenomenon may be underestimated or the subject of contradictory assessments within the organization.-Reproduced https://journals.sagepub.com/doi/full/10.1177/87569728241286045?_gl=1*w8kuec*_up*MQ..*_ga*MTkxMjQyMjc4OC4xNzc1NTUyNDU4*_ga_60R758KFDG*czE3NzU1NTI0NTckbzEkZzEkdDE3NzU1NTI0NzIkajQ1JGwwJGg4NjgxOTYyNDQ. | ||
| 773 | _aProject Management Journal | ||
| 942 | _cAR | ||